Historická demografie

Bibliographic Details
Format: Journal
Language:Czech
Slovak
PhysicalDescription:zv. tab. 21 cm
Published: Praha Ústav československých a světových dějin ČSAV 1967-2022
Praha Historický ústav ČSAV
Praha Sociologický ústav AV ČR
Praha Etnologický ústav AV ČR
Praha Etnologický ústav Akademie věd České republiky, v.v.i. Univerzita Karlova v Praze, Fakulta humanitních studií
ISBN:9788073301576 (brož. : 32/2008)
ISSN:0323-0937
Subjects:
Online Access:http://www.eu.avcr.cz/cs/publikace/historicka-demografie/

MARC

LEADER 00000cas a22000004a 4500
001 vtls009530910
003 SK-MaSNL
005 20260228160321.0
008 090626d19672022xr fr p 0 b0cze c
020 |a 9788073301576 (brož. : 32/2008) 
022 |a 0323-0937 
040 |a UKB  |b slo  |c UKB  |d SAVUK  |d SNK  |e AACR2 
041 0 |a cze  |b eng  |a slo 
044 |a xr  |c CZ 
080 |a 314  |2 2001 
210 0 |a Hist. demogr. 
222 0 |a Historická demografie 
245 0 0 |a Historická demografie 
260 |a Praha  |b Ústav československých a světových dějin ČSAV  |c 1967-2022 
260 2 |3 1990-1991  |a Praha  |b Historický ústav ČSAV 
260 2 |3 1992-2008  |a Praha  |b Sociologický ústav AV ČR 
260 2 |3 2009-2014  |a Praha  |b Etnologický ústav AV ČR 
260 3 |3 2015-2022  |a Praha  |b Etnologický ústav Akademie věd České republiky, v.v.i.  |b Univerzita Karlova v Praze, Fakulta humanitních studií 
300 |a zv.  |b tab.  |c 21 cm 
310 |a 2x ročne  |b 2010-2022 
321 |a 1x ročne 
362 0 |a 1 (1967)-roč. 46, č. 2(2022) 
500 |a Jednotlivé zväzky majú čísla ISBN, od roč. 34 (2010) sa uvádza len ISSN 
504 |a Pozn. 
546 |a Čiast. text v slov. 
650 7 |a demografia  |2 SNKPH  |9 3827 
650 7 |a historická demografia  |2 SNKPH  |9 4655 
710 2 |a Akademie věd České republiky.  |b Sociologický ústav.  |b Komise pro historickou a sociální demografii  |4 pbl  |9 266395 
856 4 |u http://www.eu.avcr.cz/cs/publikace/historicka-demografie/ 
910 |a savuk 
910 |a snk 
919 |a 978-80-7330-157-6 
999 |c 2140  |d 4070 
952 |0 0  |1 1  |4 0  |7 0  |a SNK  |b SNK  |d 1997-04-15  |l 0  |o snkČD 1749/1983/8  |p 17A0060963  |r 2005-01-02 00:00:00  |w 2026-02-21  |y PREZ 
952 |0 0  |1 1  |4 0  |7 0  |a SNK  |b SNK  |d 1997-04-15  |l 0  |o snkČD 1749/1985/9  |p 17A0060962  |r 2005-01-02 00:00:00  |w 2026-02-21  |y PREZ 
952 |0 0  |1 1  |4 0  |7 0  |a SNK  |b SNK  |d 1997-04-15  |l 0  |o snkČD 1749/1986/10  |p 17A0060961  |r 2005-01-02 00:00:00  |w 2026-02-21  |y PREZ 
952 |0 0  |1 1  |4 0  |7 0  |a SNK  |b SNK  |d 1997-04-15  |l 0  |o snkČD 1749/1987/12  |p 17A0060959  |r 2005-01-02 00:00:00  |w 2026-02-21  |y PREZ 
952 |0 0  |1 1  |4 0  |7 0  |a SNK  |b SNK  |d 1997-04-15  |l 0  |o snkČD 1749/1990/14  |p 17A0060951  |r 2005-01-02 00:00:00  |w 2026-02-21  |y PREZ 
952 |0 0  |1 1  |4 0  |7 0  |a SNK  |b SNK  |d 1997-04-15  |l 0  |o snkČD 1749/1989/13  |p 17A0060950  |r 2005-01-02 00:00:00  |w 2026-02-21  |y PREZ 
952 |0 0  |1 1  |4 0  |7 0  |a SNK  |b SNK  |d 1997-05-27  |l 0  |o snkČD 1749/1991/15  |p 17A0067833  |r 2005-01-02 00:00:00  |w 2026-02-21  |y PREZ 
952 |0 0  |1 0  |4 0  |7 0  |8 2  |a SNK  |b SNK  |d 2024-06-12  |i snk2024/9414  |l 0  |o snkČSC 4226/45/2021  |p 17A1523139  |r 2026-02-21 19:49:09  |t č. 1-2  |w 2026-02-21  |y PREZ 
952 |0 0  |1 0  |4 0  |7 0  |8 2  |a SNK  |b SNK  |d 2024-06-12  |i snk2024/9415  |l 0  |o snkČSC 4226/46/2022  |p 17A1523140  |r 2026-02-21 19:49:09  |t č. 1-2  |w 2026-02-21  |y PREZ 
952 |0 0  |1 0  |4 0  |7 0  |8 2  |a SNK  |b SNK  |d 2022-06-02  |i snk2022/8925  |l 0  |o snkČSC 4226/40/2016  |p 17A1462836  |r 2026-02-21 20:01:04  |t č. 1-2  |w 2026-02-21  |y PREZ 
952 |0 0  |1 0  |4 0  |7 0  |8 2  |a SNK  |b SNK  |d 2022-06-02  |i snk2022/8929  |l 0  |o snkČSC 4226/41/2017  |p 17A1462837  |r 2026-02-21 20:01:04  |t č. 1-2, neúplné  |w 2026-02-21  |y PREZ  |z Chýba č. 1 
952 |0 0  |1 0  |4 0  |7 0  |8 2  |a SNK  |b SNK  |d 2022-06-02  |i snk2022/8936  |l 0  |o snkČSC 4226/42/2018  |p 17A1462838  |r 2026-02-21 20:01:04  |t č. 1-2, neúplné  |w 2026-02-21  |y PREZ  |z Chýba č. 1 
952 |0 0  |1 0  |4 0  |7 0  |8 2  |a SNK  |b SNK  |d 2022-06-02  |i snk2022/8937  |l 0  |o snkČSC 4226/43/2019  |p 17A1462839  |r 2026-02-21 20:01:04  |t č. 1-2  |w 2026-02-21  |y PREZ 
952 |0 0  |1 0  |4 0  |7 0  |8 2  |a SNK  |b SNK  |d 2022-06-02  |i snk2022/8938  |l 0  |o snkČSC 4226/44/2020  |p 17A1462840  |r 2026-02-21 20:01:04  |t č. 1-2  |w 2026-02-21  |y PREZ 
952 |0 0  |1 1  |4 0  |7 0  |a SNK  |b SNK  |d 1997-04-15  |l 0  |o snkČD 1749/1987/11  |p 17A0060960  |r 2005-01-02 00:00:00  |w 2026-02-21  |y PREZ